|
|
|
|
| LEADER |
01146nam a2200325 a 4500 |
| 001 |
000545719 |
| 003 |
CZ BrMZK |
| 005 |
20080526155636.0 |
| 007 |
ta |
| 008 |
010907s2000 xr e 1 cze d |
| 015 |
|
|
|a cnb000989797
|
| 020 |
|
|
|a 80-86212-15-7
|
| 035 |
|
|
|a (OCoLC)85011644
|
| 040 |
|
|
|a BOA001
|b cze
|
| 043 |
|
|
|a e-fr---
|
| 072 |
|
7 |
|a 913(4)
|x Geografie Evropy, reálie, cestování
|2 Konspekt
|9 7
|
| 080 |
|
|
|a 908(44)
|2 MRF
|
| 080 |
|
|
|a (0:82-992)
|2 MRF
|
| 100 |
1 |
|
|a Šmíd, Jan,
|d 1965-
|7 jn20010602616
|
| 245 |
1 |
0 |
|a Obrázky z Provence /
|c Jan Šmíd
|
| 250 |
|
|
|a 1. vyd.
|
| 260 |
|
|
|a Praha :
|b Radioservis,
|c 2000
|
| 300 |
|
|
|a 141 s. :
|b barev. il. ;
|c 17 x 24 cm
|
| 500 |
|
|
|a Dostupné též v digitální podobě v aplikaci Kramerius
|
| 655 |
|
7 |
|a cestopisy
|7 fd131956
|2 czenas
|
| 651 |
|
7 |
|a Provence (Francie)
|7 ge130535
|x reálie
|2 czenas
|
| 856 |
4 |
1 |
|u http://www.digitalniknihovna.cz/mzk/uuid/uuid:b063ada0-7e1e-11e6-afc6-005056827e52
|y Digitalizovaný dokument
|x NDK
|
| 910 |
|
|
|a BOA001
|b 2-1082.657
|
| 990 |
|
|
|a BK
|
| 996 |
6 |
|
|b 2610130328
|c 2-1082.657
|l MZK
|r Sklad / do 1 hodiny
|n 13
|p p.v.
|w 000545719
|u 000010
|a 1
|e BOA001
|j MZK50
|s P
|